[Event "Voronezh Region-ch Seniors"]
[Site "Voronezh"]
[Date "2009.11.22"]
[Round "3.6"]
[White "Koshelev, Vladimir1111"]
[Black "Pirozhkov, Yury"]
[Result "0-1"]
[WhiteElo "1956"]
[BlackElo "1782"]
[PlyCount "76"]
[EventDate "2009.11.20"]
[EventType "swiss"]
[EventRounds "9"]
[EventCountry "RUS"]
[SourceTitle "EXT 2022"]
[Source "ChessBase"]
[SourceDate "2021.10.06"]
[SourceVersion "1"]
[SourceVersionDate "2021.10.06"]
[SourceQuality "1"]

1. g3 d5 2. Nf3 c5 3. c3 Nc6 4. d4 b6 5. Bg2 e6 6. 0-0 h6 7. Nbd2 Bb7 8. Re1 Be7 9. dxc5 bxc5 10. Qa4 Qa5 11. Qg4 Bf6 12. Nb3 Qb5 13. e4 dxe4 14. Rxe4 Nge7 15. Rc4 h5 16. Qe4 Ne5 17. Qxb7 Qxb7 18. Nxe5 Nd5 19. Nxc5 Qb5 20. a4 Qb8 21. Ned7 Qc7 22. Bxd5 exd5 23. Rb4 Be5 24. Rb7 Qd6 25. f4 Bf6 26. Bd2 Kd8 27. b4 Re8 28. Re1 Rxe1+ 29. Bxe1 d4 30. Nxf6 Qxf6 31. Rd7+ Kc8 32. Rxd4 Kc7 33. Rc4 Kd8 34. Rd4+ Kc8 35. a5 Kc7 36. Nd7 Qe6 37. Kg2 Qa2+ 38. Bf2 Rd8 0-1

[Event "Voronezh op-B"]
[Site "Voronezh"]
[Date "2008.06.20"]
[Round "9"]
[White "Lev, Nikolay"]
[Black "Pirozhkov, Yury"]
[Result "1/2-1/2"]
[WhiteElo "2020"]
[BlackElo "1784"]
[PlyCount "52"]
[EventDate "2008.06.12"]
[EventType "swiss"]
[EventRounds "9"]
[EventCountry "RUS"]
[SourceTitle "CBM 125 Extra"]
[Source "ChessBase"]
[SourceDate "2008.09.01"]
[SourceVersion "1"]
[SourceVersionDate "2008.09.01"]
[SourceQuality "1"]

1. d4 e6 2. Nf3 c5 3. c3 a6 4. Bf4 Nf6 5. h3 Nd5 6. Bh2 Nc6 7. e3 Qa5 8. Bd3 b5 9. 0-0 c4 10. Bc2 b4 11. Nbd2 bxc3 12. Nxc4 Qb4 13. b3 a5 14. a3 Qb7 15. Bd6 Qa7 16. e4 Nb6 17. Bxf8 Kxf8 18. Nd6 Ba6 19. Re1 Nc8 20. Nxc8 Rxc8 21. d5 Ne7 22. d6 Ng6 23. e5 Qc5 24. Bxg6 fxg6 25. Qc2 Kf7 26. Nh4 g5 1/2-1/2

[Event "Borisoglebsk Bocharov Memorial 8th"]
[Site "Borisoglebsk"]
[Date "2008.02.??"]
[Round "9"]
[White "Klimova, Maria"]
[Black "Pirozhkov, Yury"]
[Result "1/2-1/2"]
[WhiteElo "1900"]
[BlackElo "1784"]
[PlyCount "137"]
[EventDate "2008.02.??"]
[EventType "swiss"]
[EventRounds "9"]
[EventCountry "RUS"]
[SourceTitle "EXT 2010"]
[Source "ChessBase"]
[SourceDate "2010.11.25"]
[SourceVersion "1"]
[SourceVersionDate "2010.11.25"]
[SourceQuality "1"]

1. d4 c6 2. c4 d5 3. e3 Nf6 4. Nc3 Bf5 5. Bd3 Bg6 6. Nf3 Nbd7 7. 0-0 e6 8. cxd5 exd5 9. Re1 Be7 10. e4 dxe4 11. Nxe4 Nxe4 12. Bxe4 0-0 13. Bxg6 hxg6 14. Qb3 Nb6 15. Bf4 Bf6 16. Rad1 Qd5 17. Qxd5 Nxd5 18. Be5 Rfe8 19. a3 Re6 20. Bxf6 gxf6 21. g3 Rae8 22. Kf1 a5 23. Nd2 b5 24. Nb3 a4 25. Nc5 Rxe1+ 26. Rxe1 Rxe1+ 27. Kxe1 Kf8 28. Kd2 Ke7 29. Kd3 f5 30. Ke2 f4 31. Kf3 fxg3 32. fxg3 f5 33. h4 Kf7 34. Nd3 Kf6 35. Ne5 Ne7 36. Nd3 Nd5 37. Ne5 Ne7 38. Nd3 g5 39. hxg5+ Kxg5 40. Nb4 Kf6 41. g4 Kg5 42. gxf5 Kxf5 43. Nc2 Ke6 44. Ke4 Nd5 45. Ne1 Nb6 46. Kd3 Nc4 47. Kc3 Kd5 48. Nd3 Na5 49. Nf4+ Ke4 50. Ne6 Nb3 51. Ng5+ Kd5 52. Nf3 Ke4 53. Ng5+ Ke3 54. Ne6 Ke4 55. Ng5+ Kf5 56. Nf7 Ke6 57. Ng5+ Kd6 58. Ne4+ Kc7 59. Nf6 Kd6 60. Ne4+ Ke6 61. Ng5+ Kd5 62. Nf3 Nc1 63. Kd2 Nb3+ 64. Kc3 Na1 65. Nd2 c5 66. dxc5 Kxc5 67. b4+ axb3 68. Nxb3+ Nxb3 69. Kxb3 1/2-1/2

[Event "Borisoglebsk Bocharov Memorial 8th"]
[Site "Borisoglebsk"]
[Date "2008.02.??"]
[Round "7"]
[White "Korovin, Viktor"]
[Black "Pirozhkov, Yury"]
[Result "1-0"]
[WhiteElo "2082"]
[BlackElo "1784"]
[PlyCount "100"]
[EventDate "2008.02.??"]
[EventType "swiss"]
[EventRounds "9"]
[EventCountry "RUS"]
[SourceTitle "EXT 2010"]
[Source "ChessBase"]
[SourceDate "2010.11.25"]
[SourceVersion "1"]
[SourceVersionDate "2010.11.25"]
[SourceQuality "1"]

1. c4 e6 2. Nc3 d5 3. d4 Bb4 4. Nf3 Ne7 5. Bg5 h6 6. Bh4 g5 7. Bg3 Nbc6 8. e3 Ng6 9. Bd3 f5 10. h4 g4 11. Nd2 Bxc3 12. bxc3 h5 13. cxd5 exd5 14. c4 Nce7 15. cxd5 Qxd5 16. 0-0 c6 17. Bc4 Qd7 18. a4 b6 19. Bb3 Bb7 20. Nc4 Nc8 21. Ne5 Nxe5 22. Bxe5 Rf8 23. Bf4 Ne7 24. Bh6 Rh8 25. Bg5 0-0-0 26. Qc2 Rdf8 27. a5 b5 28. Qc5 Nd5 29. Qxa7 Nb4 30. a6 Bxa6 31. Rxa6 Nxa6 32. Qxa6+ Kc7 33. Qa7+ Kd6 34. Bf4+ Ke7 35. Qc5+ Kf6 36. Be5+ Kg6 37. Bxh8 Rxh8 38. Rc1 Rc8 39. d5 Qf7 40. Qd6+ Kh7 41. Rxc6 Rxc6 42. Qxc6 b4 43. Qe6 Qf8 44. d6 f4 45. Qe7+ Qg7 46. Qxg7+ Kxg7 47. d7 fxe3 48. fxe3 g3 49. d8Q Kg6 50. Qg5+ Kh7 1-0

[Event "Voronezh Winter op 2nd"]
[Site "Voronezh"]
[Date "2007.12.08"]
[Round "5"]
[White "Kovalenko, Sergey"]
[Black "Pirozhkov, Yury"]
[Result "1-0"]
[WhiteElo "2205"]
[BlackElo "1784"]
[PlyCount "61"]
[EventDate "2007.12.04"]
[EventType "tourn"]
[EventRounds "9"]
[EventCountry "RUS"]
[SourceTitle "EXT 2022"]
[Source "ChessBase"]
[SourceDate "2021.10.06"]
[SourceVersion "1"]
[SourceVersionDate "2021.10.06"]
[SourceQuality "1"]

1. Nf3 c5 2. c4 g6 3. d4 Bg7 4. d5 d6 5. Nc3 Na6 6. e4 Nc7 7. Bd3 a6 8. a4 Bd7 9. a5 Rb8 10. Na4 Bxa4 11. Qxa4+ Qd7 12. Qxd7+ Kxd7 13. 0-0 b5 14. axb6 Rxb6 15. Rb1 e6 16. Bc2 Ne7 17. Ba4+ Kc8 18. Bg5 f6 19. Bd2 e5 20. Ba5 Rb7 21. b4 cxb4 22. Bxb4 Ne8 23. g3 h5 24. c5 Rxb4 25. Rxb4 dxc5 26. Rb6 Kc7 27. Rfb1 Nd6 28. Rxa6 Nb7 29. Ra7 Rb8 30. d6+ Kxd6 31. Rbxb7 1-0

[Event "Voronezh Winter op 2nd"]
[Site "Voronezh"]
[Date "2007.12.07"]
[Round "4"]
[White "Pirozhkov, Yury"]
[Black "Golovchanov, Artiom"]
[Result "1/2-1/2"]
[WhiteElo "1784"]
[BlackElo "2055"]
[PlyCount "124"]
[EventDate "2007.12.04"]
[EventType "tourn"]
[EventRounds "9"]
[EventCountry "RUS"]
[SourceTitle "EXT 2022"]
[Source "ChessBase"]
[SourceDate "2021.10.06"]
[SourceVersion "1"]
[SourceVersionDate "2021.10.06"]
[SourceQuality "1"]

1. c4 Nf6 2. Nc3 g6 3. e4 d6 4. Be2 Bg7 5. d4 0-0 6. Nf3 e5 7. dxe5 dxe5 8. Qxd8 Rxd8 9. Bg5 Re8 10. Bxf6 Bxf6 11. Nd5 Bd8 12. 0-0 c6 13. Nb4 f6 14. Nd3 a5 15. a3 a4 16. Rfc1 Be7 17. Nb4 Be6 18. Rc3 Nd7 19. Nd3 Nc5 20. Nxc5 Bxc5 21. b4 axb3 22. Rxb3 b6 23. Rc3 Kf7 24. h3 Ke7 25. g4 g5 26. Kg2 Ra4 27. Rb1 Rea8 28. Rh1 h6 29. h4 Rf8 30. Nd2 Bxa3 31. Ra1 Rfa8 32. Bd1 R4a6 33. hxg5 hxg5 34. Rb1 Bc5 35. Nb3 Bb4 36. Rc2 Ra2 37. Rxa2 Rxa2 38. Nc1 Rd2 39. Nb3 Rd7 40. Be2 Ra7 41. Rh1 Ra3 42. Rh7+ Kd6 43. Nc1 Bc5 44. Nd3 Bd4 45. Rh6 Ke7 46. Nb4 Bd7 47. Rh7+ Ke6 48. Nc2 Rc3 49. Ne1 c5 50. Nd3 Rb3 51. Rh3 Rb1 52. Rh1 Rxh1 53. Kxh1 Kd6 54. Kg2 b5 55. Nc1 b4 56. Nb3 Bc6 57. f3 Ba4 58. Bd1 Kc7 59. Kf1 Bc6 60. Ke2 Kd6 61. Kd3 Bg1 62. Ke2 Ba4 1/2-1/2

[Event "Voronezh op-B 11th"]
[Site "Voronezh"]
[Date "2007.06.12"]
[Round "1"]
[White "Pirozhkov, Yury"]
[Black "Kiselev, Maxim2222"]
[Result "0-1"]
[WhiteElo "1764"]
[BlackElo "2144"]
[PlyCount "62"]
[EventDate "2007.06.12"]
[EventType "swiss"]
[EventRounds "9"]
[EventCountry "RUS"]
[SourceTitle "EXT 2010"]
[Source "ChessBase"]
[SourceDate "2010.11.25"]
[SourceVersion "1"]
[SourceVersionDate "2010.11.25"]
[SourceQuality "1"]

1. f4 Nf6 2. Nf3 d5 3. e3 c5 4. d4 Nc6 5. Bb5 Qb6 6. a4 a6 7. Bxc6+ Qxc6 8. Ne5 Qc7 9. dxc5 Qxc5 10. Nd3 Qc7 11. Ne5 Bf5 12. Nc3 e6 13. 0-0 Bc5 14. Ne2 0-0 15. c3 Bd6 16. Nd3 Qc4 17. Nf2 Rac8 18. b3 Qc7 19. Bd2 h6 20. Nd4 Bh7 21. Rc1 Ba3 22. Ra1 Bb2 23. Rc1 Bxc1 24. Qxc1 Ne4 25. Nxe4 Bxe4 26. Nf3 b5 27. axb5 axb5 28. Nd4 Bd3 29. Rf2 b4 30. c4 dxc4 31. Bxb4 cxb3 0-1

[Event "Voronezh Region-ch Seniors"]
[Site "Voronezh"]
[Date "2006.12.01"]
[Round "6"]
[White "Pirozhkov, Yury"]
[Black "Matveenko, Yury"]
[Result "0-1"]
[WhiteElo "1764"]
[BlackElo "2182"]
[PlyCount "46"]
[EventDate "2006.11.26"]
[EventType "tourn"]
[EventRounds "11"]
[EventCountry "RUS"]
[SourceTitle "EXT 2019"]
[Source "ChessBase"]
[SourceDate "2018.10.10"]
[SourceVersion "1"]
[SourceVersionDate "2018.10.10"]
[SourceQuality "1"]

1. c4 f5 2. Nc3 Nf6 3. e3 g6 4. d4 Bg7 5. Nf3 d6 6. Bd3 Nc6 7. a3 0-0 8. Qc2 e5 9. dxe5 dxe5 10. e4 f4 11. Nd5 Bg4 12. h3 Bxf3 13. gxf3 Nd4 14. Qd1 c6 15. Nb4 Qb6 16. h4 Rad8 17. Rb1 a5 18. Na2 Nb3 19. Qe2 Rd4 20. 0-0 Nh5 21. Kg2 Bf6 22. Rh1 Rfd8 23. Bxf4 exf4 0-1

[Event "Voronezh Region-ch Seniors"]
[Site "Voronezh"]
[Date "2006.11.26"]
[Round "1"]
[White "Pirozhkov, Yury"]
[Black "Ajrapetian, Nikita"]
[Result "0-1"]
[WhiteElo "1764"]
[BlackElo "2088"]
[PlyCount "92"]
[EventDate "2006.11.26"]
[EventType "tourn"]
[EventRounds "11"]
[EventCountry "RUS"]
[SourceTitle "EXT 2019"]
[Source "ChessBase"]
[SourceDate "2018.10.10"]
[SourceVersion "1"]
[SourceVersionDate "2018.10.10"]
[SourceQuality "1"]

1. f4 d5 2. Nf3 c5 3. d4 Nc6 4. e3 Bg4 5. Be2 e6 6. c3 Bxf3 7. Bxf3 f5 8. 0-0 Nf6 9. Nd2 c4 10. b4 b5 11. a4 a6 12. Bb2 Bd6 13. g4 0-0 14. g5 Ne4 15. Nxe4 dxe4 16. Bg2 Ne7 17. h4 Nd5 18. Qe2 Qd7 19. Ra2 Nb6 20. axb5 axb5 21. Ra5 Rxa5 22. bxa5 Na4 23. Ra1 Qe7 24. Qc2 Ra8 25. a6 Rxa6 26. Bf1 Qa7 27. Be2 Nb6 28. Qb1 Nd5 29. Kf2 Rxa1 30. Qxa1 Qxa1 31. Bxa1 Ba3 32. Bf1 Bc1 33. Ke2 Nxe3 34. Bb2 Bxb2 35. Kxe3 Bxc3 36. h5 Kf7 37. Be2 Bb2 38. Kf2 Bc1 39. Kg3 Be3 40. h6 g6 41. Bd1 Bxd4 42. Kg2 Ke7 43. Kg3 Kd6 44. Kg2 Kc5 45. Kg3 b4 46. Kg2 b3 0-1